| 000 | 00534nam a2200145 4500 | ||
|---|---|---|---|
| 999 |
_c80650 _d80650 |
||
| 008 | 210203b ||||| |||| 00| 0 eng d | ||
| 040 |
_aISIL EINTRAGEN _bger _cISIL EINTRAGEN _erda |
||
| 100 | _aZalewski, Paul: | ||
| 245 |
_aArchitektur als Indikator der Machtansprüche / _cPaul Zalewski |
||
| 773 |
_tUnbekannte Moderne Neue Städte Neue Menschen _dCottbus ; Frankfurt (Oder): Brandenburgisches Landesmuseum für Moderne Kunst, [2020] _gS. 102-109 |
||
| 942 | _cA | ||